000 00575nam a2200169Ia 4500
008 090201s9999 xx 000 0 und d
010 _aKPL-35568
040 _bमराठी
041 _aमराठी
082 _a21849
_b35568
100 _aभीमराव कुलकर्णी
245 _aसंपूर्ण गडकरी भाग 2
_cभीमराव कुलकर्णी
260 _c2004
_bवरदा बुक्स
300 _a1164
_bलहान
600 _aसंपूर्ण गडकरी भाग 2
942 _cBOOK
999 _c221440
_d221440